000 01515 a2200397 4500
001 20837755
003 0000
005 20251118153708.0
006 m |o d |
007 cr_|||||||||||
008 190204s2020 nju ob 001 0 eng
010 _a 2019005386
020 _a9781119706427
035 _a20837755
040 _aDLC
_beng
_erda
_cDLC
_dDLC
042 _apcc
050 1 0 _aTS 183 .G76
082 0 0 _a670
_223
100 1 _aGroover, Mikell P.,
_d1939-
_eauthor.
245 1 0 _aFundamentals of modern manufacturing :
_bmaterials, processes, and systems /
_cMikell P. Groover, Professor Emeritus of Industrial and Systems Engineering, Lehigh University.
250 _a7th ed.
263 _a1903
264 1 _aHoboken, NJ :
_bJohn Wiley & Sons, Inc.,
_c2021
300 _axvii, 990p. ill.
336 _atext
_btxt
_2rdacontent
337 _acomputer
_bc
_2rdamedia
338 _aonline resource
_bcr
_2rdacarrier
504 _aIncludes bibliographical references and index.
588 _aDescription based on print version record and CIP data provided by publisher; resource not viewed.
650 0 _aManufacturing processes.
650 0 _aProduction engineering.
776 0 8 _iPrint version:
_aGroover, Mikell P., 1939- author.
_tFundamentals of modern manufacturing
_bSeventh edition.
_dHoboken, NJ : John Wiley & Sons, Inc., [2020]
_z9781119475293
_w(DLC) 2019004458
906 _a7
_brip
_corigcop
_d1
_eecip
_f20
_gy-gencatlg
942 _2lcc
_cBK
999 _c44000
_d44000